Loreto College Library, Kolkata
WEBOPAC (ONLINE PUBLIC ACCESS CATALOGUE)

Gender disparity in India (Record no. 41377)

MARC details
000 -LEADER
fixed length control field 00755nam a22002537a 4500
005 - DATE AND TIME OF LATEST TRANSACTION
control field 20180109144320.0
008 - FIXED-LENGTH DATA ELEMENTS--GENERAL INFORMATION
fixed length control field 180109b xxu||||| |||| 00| 0 eng d
020 ## - ISBN | অাই এস বি এন
ISBN | অাই এস বি এন 9789381136218
PRICE ₹ 710.00
040 ## - CATALOGING SOURCE
Original cataloging agency Loreto College
041 ## - LANGUAGE CODE
Language code English
082 ## - DDC | ডিউই
Classification number | বর্গসংখ্যা 305.4
Book Number | গ্রন্থাঙ্ক RAM
100 ## - MAIN ENTRY--PERSONAL NAME | মুখ্য সংলেখ - ব্যাক্তিনাম
Personal name | ব্যাক্তিনাম Ramesh, K.
245 ## - TITLE STATEMENT | অাখ্যা বিবরণী
Title | অাখ্যা Gender disparity in India
Sub title | উপঅাখ্যা The Nature and extent
Statement of responsibility | লেখকের দায়িত্বের বিবরণ K. Ramesh
260 ## - IMPRINT | প্রকাশনা ক্ষেত্র
Place of publication | প্রকাশ স্থান Delhi
Name of publisher | প্রকাশকের নাম Abhijeet Publications
Date of publication | প্রকাশ কাল 2011
300 ## - PHYSICAL DESCRIPTION |
Page / Vol. No | পৃষ্ঠা / খন্ড সংখ্যা 220 p.
Other physical details | অনান্য বাহ্যিক বিবরণ 22 cm.
504 ## - BIBLIOGRAPHY, ETC. NOTE
Bibliography, etc Includes bibliography and index
650 ## - SUBJECT ADDED ENTRY--TOPICAL TERM | বিষয় শিরোনাম - মূল বিষয়
Topical term | মূল বিষয় Sex discrimination against woman
650 ## - SUBJECT ADDED ENTRY--TOPICAL TERM | বিষয় শিরোনাম - মূল বিষয়
Topical term | মূল বিষয় India Salem (District)
650 ## - SUBJECT ADDED ENTRY--TOPICAL TERM | বিষয় শিরোনাম - মূল বিষয়
Topical term | মূল বিষয় Male domination (social structure)
650 ## - SUBJECT ADDED ENTRY--TOPICAL TERM | বিষয় শিরোনাম - মূল বিষয়
Topical term | মূল বিষয় India- Kamcheepuram (District)
700 ## - ADDED ENTRY--PERSONAL NAME | অতিরিক্ত সংলেখ - ব্
Relator code | দায়িত্ব নির্দেশক Auth
Personal name | ব্যাক্তিনাম K. Ramesh
850 ## - HOLDING INSTITUTION
Holding institution LCBED
942 ## - ADDED ENTRY ELEMENTS (KOHA)
Koha item type Books
Holdings
Withdrawn status Lost status Source of classification Damaged status Not for loan Home library Current library Date acquired Price Total Checkouts Full call number Accession No. Date last seen Price effective from Koha item type
    Dewey Decimal Classification     Loreto College Loreto College 09/01/2018 0.00   305.4 RAM 15478 45279 09/01/2018 09/01/2018 Books